| 000 | 00618nam a2200193Ia 4500 | ||
|---|---|---|---|
| 003 | GCL | ||
| 008 | 140319s9999 xx 000 0 ara d | ||
| 040 |
_aGCL / _cGCL |
||
| 082 | 0 | 4 |
_a415.2 _bا ا |
| 100 | 1 | _aابوطاهر عبدالواحد بن عمر | |
| 245 | 1 | 0 |
_aاخبار فى النحو / _cابوطاهر عبدالواحد بن عمر |
| 700 | 1 | _aمحمد احمد الدالى | |
| 260 |
_a[S.N] : _bالجفان والجابى للطباعة والنشر ، _c1993 |
||
| 300 |
_a64 ص ؛ _c18 سم |
||
| 490 | _a | ||
| 650 | 0 | 4 | _aالنحو |
| 650 | 0 | 4 | _aالنحو - تاريخ |
| 942 |
_2ddc _cBK |
||
| 999 |
_c44149 _d44149 |
||